[Event "Gatineau op-C"]
[Site "Gatineau"]
[Date "2015.03.??"]
[Round "5"]
[White "Poirier, Alexis"]
[Black "Sabourin, Yves"]
[Result "1-0"]
[WhiteElo "1536"]
[BlackElo "1447"]
[PlyCount "53"]
[EventDate "2015.03.07"]
[EventType "swiss"]
[EventRounds "5"]
[EventCountry "CAN"]
[SourceTitle "EXT 2016"]
[Source "ChessBase"]
[SourceDate "2015.10.08"]
[SourceVersion "1"]
[SourceVersionDate "2015.10.08"]
[SourceQuality "1"]

1. e4 c5 2. Nf3 Nc6 3. d4 e6 4. d5 exd5 5. exd5 Nb8 6. d6 Qf6 7. Qe2+ Qe6 8. Bf4 Nf6 9. Nc3 a6 10. Na4 Nd5 11. Bg3 b5 12. Nxc5 Qxe2+ 13. Bxe2 f5 14. 0-0-0 Nb4 15. a3 N4c6 16. Bd3 g6 17. Ng5 Bh6 18. Rhe1+ Kf8 19. Bf4 Bxg5 20. Bxg5 Kf7 21. f4 Ra7 22. Re2 Re8 23. Rxe8 Kxe8 24. Re1+ Kf7 25. a4 b4 26. Bc4+ Kg7 27. Re7+ 1-0

[Event "Gatineau Nez Rouge-B"]
[Site "Gatineau"]
[Date "2014.11.25"]
[Round "1"]
[White "Poirier, Alexis"]
[Black "Berthiaume, Serge"]
[Result "1-0"]
[WhiteElo "1515"]
[BlackElo "1437"]
[PlyCount "89"]
[EventDate "2014.11.25"]
[EventType "swiss"]
[EventRounds "4"]
[EventCountry "CAN"]
[SourceTitle "EXT 2016"]
[Source "ChessBase"]
[SourceDate "2015.10.08"]
[SourceVersion "1"]
[SourceVersionDate "2015.10.08"]
[SourceQuality "1"]

1. e4 g6 2. d4 Bg7 3. c4 c5 4. Nf3 cxd4 5. Nxd4 Nc6 6. Be3 Nf6 7. Nc3 Qa5 8. f3 Qc7 9. Qd2 a6 10. Be2 Ne5 11. b3 d6 12. Rc1 0-0 13. Bh6 Nfd7 14. Nd5 Qd8 15. Bxg7 Kxg7 16. h4 e6 17. Nc3 Qf6 18. f4 Nc6 19. Nxc6 bxc6 20. Qxd6 Ra7 21. g4 e5 22. Qxf6+ Kxf6 23. g5+ Kg7 24. f5 f6 25. Kf2 fxg5 26. hxg5 Nc5 27. f6+ Kh8 28. Rcd1 Ne6 29. Rhg1 Nf4 30. Rg3 h5 31. gxh6 Rh7 32. Rd6 Rxh6 33. Rxc6 Ne6 34. c5 Rxf6+ 35. Ke3 g5 36. Rxc8+ Kg7 37. c6 Nd4 38. Rxg5+ Kf7 39. c7 Rh3+ 40. Kd2 Rf2 41. Rf8+ Kxf8 42. c8Q+ Ke7 43. Qxh3 Nf3+ 44. Qxf3 Rxf3 45. Bxf3 1-0

[Event "Gatineau Benevoles-B"]
[Site "Gatineau"]
[Date "2014.09.09"]
[Round "1"]
[White "Poirier, Alexis"]
[Black "Danilov, Alex"]
[Result "0-1"]
[WhiteElo "1541"]
[BlackElo "1698"]
[PlyCount "44"]
[EventDate "2014.09.09"]
[EventType "swiss"]
[EventRounds "5"]
[EventCountry "CAN"]
[SourceTitle "EXT 2016"]
[Source "ChessBase"]
[SourceDate "2015.10.08"]
[SourceVersion "1"]
[SourceVersionDate "2015.10.08"]
[SourceQuality "1"]

1. e4 c5 2. Nf3 e6 3. d4 cxd4 4. Nxd4 Nc6 5. Be3 a6 6. Be2 Nf6 7. Nd2 Qc7 8. c3 d5 9. Qb1 Bd6 10. Qd3 Bd7 11. h3 Rc8 12. 0-0 Ne5 13. Qc2 Ng6 14. N4f3 0-0 15. Rfd1 e5 16. Bg5 d4 17. Nc4 Be7 18. Qd3 Bb5 19. Bxf6 Bxf6 20. Nfd2 Nf4 21. Qf3 Nxe2+ 22. Qxe2 Bxc4 0-1

[Event "Gatineau Loisirs"]
[Site "Gatineau"]
[Date "2013.11.05"]
[Round "4"]
[White "Poirier, Alexis"]
[Black "Carabineanu, Marcel"]
[Result "1-0"]
[WhiteElo "1099"]
[BlackElo "1273"]
[PlyCount "53"]
[EventDate "2013.10.15"]
[EventType "swiss"]
[EventRounds "4"]
[EventCountry "CAN"]
[SourceTitle "EXT 2022"]
[Source "ChessBase"]
[SourceDate "2021.10.06"]
[SourceVersion "1"]
[SourceVersionDate "2021.10.06"]
[SourceQuality "1"]

1. e4 e5 2. Nf3 d6 3. Bc4 Be6 4. Bxe6 fxe6 5. d4 exd4 6. Nxd4 e5 7. Nb3 Nf6 8. Nc3 Nc6 9. 0-0 Qd7 10. h3 0-0-0 11. Be3 b6 12. Qe2 Kb8 13. Rad1 h6 14. a4 a5 15. Rd2 g5 16. Rfd1 g4 17. h4 h5 18. Bg5 Be7 19. g3 Rh7 20. Bxf6 Bxf6 21. Nd5 Rf7 22. c3 Rdf8 23. Qe3 Ne7 24. Nxb6 cxb6 25. Qxb6+ Qb7 26. Rxd6 Qxb6 27. Rxb6+ 1-0